Разработка коммерческого предложения для сельскохозяйственной продукции с помощью алгоритма решения креативных задач; Энергия молодых - экономике России; Ч. 2

Bibliografiska uppgifter
Parent link:Энергия молодых - экономике России=Energy of Youth for Russian Economy: сборник научных трудов XIV Международной научно-практической конференции студентов и молодых ученых, г. Томск, 9-11 апреля 2013 г./ Национальный исследовательский Томский политехнический университет (ТПУ) ; Вольное экономическое общество России ; Международный союз экономистов (МСЭ) ; ред. коллегия В. В. Еремин ; Ю. С. Нехорошев ; Г. А. Барышева ; И. Е. Никулина ; Т. Б. Варлачева ; И. В. Кащук ; Е. Ю. Маталасова.— , 2013
Ч. 2.— 2013.— [С. 379-381]
Huvudupphovsman: Николаенко В. С. Валентин Сергеевич
Institutionella upphovsmän: Национальный исследовательский Томский политехнический университет (ТПУ) Институт социально-гуманитарных технологий (ИСГТ) Кафедра менеджмента (МЕН), Национальный исследовательский Томский политехнический университет (ТПУ) Институт социально-гуманитарных технологий (ИСГТ) Кафедра инженерного предпринимательства (ИП)
Övriga upphovsmän: Краковецкая И. В. Инна Валентиновна
Sammanfattning:Заглавие с титульного экрана
Språk:ryska
Publicerad: 2013
Serie:Инновации и предпринимательство
Ämnen:
Länkar:http://www.lib.tpu.ru/fulltext/c/2013/C23/V2/135.pdf
Materialtyp: MixedMaterials Elektronisk Bokavsnitt
KOHA link:https://koha.lib.tpu.ru/cgi-bin/koha/opac-detail.pl?biblionumber=245985

MARC

LEADER 00000naa2a2200000 4500
001 245985
005 20260115092316.0
035 |a (RuTPU)RU\TPU\book\267423 
035 |a RU\TPU\book\267419 
090 |a 245985 
100 |a 20131121d2013 k y0rusy50 ca 
101 0 |a rus 
102 |a RU 
135 |a drnn ---uucaa 
181 0 |a i  
182 0 |a b 
200 1 |a Разработка коммерческого предложения для сельскохозяйственной продукции с помощью алгоритма решения креативных задач  |f В. С. Николаенко, И. В. Краковецкая 
203 |a Текст  |c электронный 
225 1 |a Инновации и предпринимательство 
300 |a Заглавие с титульного экрана 
320 |a [Библиогр.: с. 381 (6 назв.)] 
337 |a Adobe Reader 
461 1 |0 (RuTPU)RU\TPU\book\262955  |t Энергия молодых - экономике России  |l Energy of Youth for Russian Economy  |o сборник научных трудов XIV Международной научно-практической конференции студентов и молодых ученых, г. Томск, 9-11 апреля 2013 г.  |o в 2 ч.  |f Национальный исследовательский Томский политехнический университет (ТПУ) ; Вольное экономическое общество России ; Международный союз экономистов (МСЭ) ; ред. коллегия В. В. Еремин ; Ю. С. Нехорошев ; Г. А. Барышева ; И. Е. Никулина ; Т. Б. Варлачева ; И. В. Кащук ; Е. Ю. Маталасова  |d 2013 
463 1 |0 (RuTPU)RU\TPU\book\262959  |t Ч. 2  |v [С. 379-381]  |d 2013 
610 1 |a труды учёных ТПУ 
610 1 |a электронный ресурс 
610 1 |a коммерческие предложения 
610 1 |a сельскохозяйственная продукция 
610 1 |a креативные решения 
700 1 |a Николаенко  |b В. С.  |c экономист  |c ассистент кафедры Томского политехнического университета  |g Валентин Сергеевич  |3 (RuTPU)RU\TPU\pers\31558  |9 15718 
701 1 |a Краковецкая  |b И. В.  |c экономист  |c доцент Томского политехнического университета, кандидат экономических наук  |f 1968-  |g Инна Валентиновна  |3 (RuTPU)RU\TPU\pers\31512 
712 0 2 |a Национальный исследовательский Томский политехнический университет (ТПУ)  |b Институт социально-гуманитарных технологий (ИСГТ)  |b Кафедра менеджмента (МЕН)  |3 (RuTPU)RU\TPU\col\18855 
712 0 2 |a Национальный исследовательский Томский политехнический университет (ТПУ)  |b Институт социально-гуманитарных технологий (ИСГТ)  |b Кафедра инженерного предпринимательства (ИП)  |3 (RuTPU)RU\TPU\col\18857 
801 2 |a RU  |b 63413507  |c 20131121  |g RCR 
856 4 |u http://www.lib.tpu.ru/fulltext/c/2013/C23/V2/135.pdf 
942 |c CF